[Event "KUW-ch"]
[Site "Kuwait"]
[Date "2019.01.18"]
[Round "2"]
[White "Alshourfaa, Hazaa"]
[Black "Almousawi, Saleh"]
[Result "0-1"]
[WhiteElo "1768"]
[BlackElo "1517"]
[PlyCount "104"]
[EventDate "2019.01.17"]
[EventType "tourn"]
[EventRounds "9"]
[EventCountry "KUW"]
[SourceTitle "CBM 188 Extra"]
[Source "ChessBase"]
[SourceDate "2019.02.26"]
[SourceVersion "1"]
[SourceVersionDate "2019.02.26"]
[SourceQuality "1"]

1. e4 e6 2. d4 d5 3. Nc3 Be7 4. e5 h5 5. Nf3 b6 6. h4 Nh6 7. Bd3 Ba6 8. Ne2 Bxd3 9. Qxd3 Nf5 10. g3 Qc8 11. Bg5 Qa6 12. Bxe7 Nxe7 13. Nd2 Qxd3 14. cxd3 Nd7 15. Rc1 c5 16. Nf3 Ng6 17. dxc5 bxc5 18. Kd2 0-0 19. Rhf1 Rfc8 20. Nf4 Ngxe5 21. Nxe5 Nxe5 22. Nxh5 g6 23. Nf4 Rab8 24. Rb1 Rb6 25. Ne2 Rcb8 26. Kc2 c4 27. dxc4 Nxc4 28. b3 Na3+ 29. Kb2 Nxb1 30. Rxb1 a5 31. Nc3 Rb4 32. Rc1 a4 33. a3 Rxb3+ 34. Ka2 Rc8 35. Nxa4 Rxa3+ 36. Kxa3 Rxc1 37. Nb2 Rc3+ 38. Kb4 Rf3 39. Nd1 Kf8 40. Kc5 Rd3 41. Ne3 Ke7 42. g4 Rc3+ 43. Kd4 Rc1 44. h5 gxh5 45. gxh5 Rh1 46. h6 Rxh6 47. Kd3 Kd6 48. Ng4 Rh3+ 49. Ke2 e5 50. Nf6 Ra3 51. Ne8+ Ke7 52. Nc7 Ra5 0-1

[Event "KUW-ch sf"]
[Site "Kuwait"]
[Date "2018.11.20"]
[Round "5"]
[White "Alrashidi, Yousef"]
[Black "Almousawi, Saleh"]
[Result "1-0"]
[WhiteElo "1539"]
[BlackElo "1494"]
[PlyCount "91"]
[EventDate "2018.11.16"]
[EventType "swiss"]
[EventRounds "9"]
[EventCountry "KUW"]
[SourceTitle "CBM 187 Extra"]
[Source "ChessBase"]
[SourceDate "2018.11.04"]
[SourceVersion "1"]
[SourceVersionDate "2018.11.04"]
[SourceQuality "1"]

1. e4 e6 2. d4 d5 3. Nc3 Bb4 4. e5 Ne7 5. Bd2 Nf5 6. Nf3 c6 7. Bd3 0-0 8. Ne2 Be7 9. Ng3 c5 10. c3 Nc6 11. Qc2 g6 12. Nxf5 exf5 13. Bh6 Re8 14. 0-0-0 cxd4 15. cxd4 Nb4 16. Qb3 Nxd3+ 17. Rxd3 a5 18. h4 a4 19. Qc2 f4 20. Bxf4 Bf5 21. Kb1 Qd7 22. g4 Bxd3 23. Qxd3 Qxg4 24. Bh6 Qh5 25. Bd2 Ra6 26. Qb5 Qf5+ 27. Ka1 Rc6 28. Qe2 a3 29. b3 Qc2 30. Rb1 Bb4 31. Qe3 Rc3 32. Ne1 Qxa2+ 33. Kxa2 Rxe3 34. Bxe3 Rc8 35. Rd1 Kg7 36. Bd2 Be7 37. Bg5 Bb4 38. Bd2 Be7 39. Nf3 Rc2+ 40. Kb1 Rb2+ 41. Ka1 Rxb3 42. Be3 h6 43. Rb1 Rd3 44. Rxb7 Bf8 45. e6 Rd1+ 46. Ka2 1-0

[Event "KUW-ch sf"]
[Site "Kuwait"]
[Date "2018.11.18"]
[Round "3"]
[White "Alsaqer, Meshal"]
[Black "Almousawi, Saleh"]
[Result "1-0"]
[WhiteElo "1660"]
[BlackElo "1494"]
[PlyCount "57"]
[EventDate "2018.11.16"]
[EventType "swiss"]
[EventRounds "9"]
[EventCountry "KUW"]
[SourceTitle "CBM 187 Extra"]
[Source "ChessBase"]
[SourceDate "2018.11.04"]
[SourceVersion "1"]
[SourceVersionDate "2018.11.04"]
[SourceQuality "1"]

1. d4 Nf6 2. Nf3 g6 3. c4 Bg7 4. g3 0-0 5. Bg2 d6 6. 0-0 Nbd7 7. Nc3 e5 8. e4 Re8 9. d5 a5 10. Ne1 Nc5 11. Nd3 Nxd3 12. Qxd3 Nd7 13. Be3 b6 14. b3 Nc5 15. Qc2 f5 16. a3 Qf6 17. b4 Na6 18. bxa5 f4 19. Bd2 f3 20. Bh1 bxa5 21. Nb5 Rf8 22. Bxa5 Rf7 23. Bb4 Qg5 24. Qd3 Qh5 25. Rac1 g5 26. c5 Rf6 27. cxd6 Qxh2+ 28. Kxh2 Rh6+ 29. Kg1 1-0

[Event "KUW-ch sf"]
[Site "Kuwait"]
[Date "2018.11.17"]
[Round "2"]
[White "Almousawi, Saleh"]
[Black "Alhejab, Meshal"]
[Result "1-0"]
[WhiteElo "1494"]
[BlackElo "1509"]
[PlyCount "79"]
[EventDate "2018.11.16"]
[EventType "swiss"]
[EventRounds "9"]
[EventCountry "KUW"]
[SourceTitle "CBM 187 Extra"]
[Source "ChessBase"]
[SourceDate "2018.11.04"]
[SourceVersion "1"]
[SourceVersionDate "2018.11.04"]
[SourceQuality "1"]

1. d4 Nf6 2. c4 g6 3. Nc3 d5 4. Nf3 Bg7 5. Bg5 c6 6. e3 Qa5 7. Qa4 Qxa4 8. Nxa4 Ne4 9. Bf4 Bf5 10. Nc3 e6 11. Nh4 Nd7 12. Nxf5 gxf5 13. cxd5 exd5 14. f3 Nxc3 15. bxc3 Nf6 16. Bd3 Nh5 17. Bd6 Kd7 18. Ba3 f4 19. Bf5+ Kc7 20. e4 Rae8 21. Kf2 Bh6 22. Rhe1 b6 23. exd5 cxd5 24. Rxe8 Rxe8 25. Re1 Rxe1 26. Kxe1 Kc6 27. Bxh7 Kb5 28. Bg8 Kc4 29. Bxf7 Kxc3 30. Bxh5 Kxd4 31. Kd2 a5 32. Be8 Kc4 33. Bb2 b5 34. Kc2 a4 35. g3 Bf8 36. a3 d4 37. Bf7+ Kc5 38. Kd3 Bg7 39. g4 Bf6 40. h4 1-0